000 00502 a2200157 4500
999 _c212
_d212
008 220330b ||||| |||| 00| 0 eng d
020 _a9789280161182
082 0 0 _a616.98024
_bI339
110 _976
_aInternational Maritime Organization
245 _aMedical first aid (Model Course 1.14 plus compendium)
260 _aLondon:
_bInternational Maritime Organization,
_c2000.
300 _av, 128 p.
490 0 _aModel Course;
_v1.14, Course + Compendium
650 0 _aMerchant Marine
942 _2ddc
_cBK